000 00310nam a22001337a 4500
008 230907b ||||| |||| 00| 0 eng d
041 _aeng
080 _20691024413
_a902
082 _a902SEC
100 _a20
101 _aARKEO
245 _aCONTROVERSY IN VICTORIAN GEOLOGY
_cSECORD.A.J
942 _2udc
_cBK
999 _c60292
_d60292